Memoria Oficina de Asuntos Indígenas de Santiago, 1994-1999: construyendo de la mano con la diversidad

I tiakina i:
Ngā taipitopito rārangi puna kōrero
Ngā kaituhi rangatōpū: CONADI (Author), Corporación Nacional de Desarrollo Indígena (Author)
Hōputu: Pukapuka
Reo:Pāniora
I whakaputaina: Santiago CONADI 2000
Ngā marau:
Ngā Tūtohu: Tāpirihia he Tūtohu
Kāore He Tūtohu, Me noho koe te mea tuatahi ki te tūtohu i tēnei pūkete!

MARC

LEADER 00000nam a2200000 a 4500
001 UCM1815
003 CL-VaPUC
008 020412e20000000CL |||||||||||||||||spa|d
082 0 4 |a 362.84  |b CON  |2 21 
110 2 |a CONADI  |e author  |9 468726 
710 2 |a Corporación Nacional de Desarrollo Indígena  |e author  |9 468727 
245 1 0 |a Memoria Oficina de Asuntos Indígenas de Santiago, 1994-1999: construyendo de la mano con la diversidad 
300 |a 81 p 
942 |c BK 
945 |d 20020412 00:00:00  |a cmena 
260 |a Santiago  |b CONADI  |c 2000 
650 0 |a Pueblos indígenas   |9 357564 
650 0 |a Trabajo social   |9 307856 
650 0 |a Desarrollo económico y social   |9 256320 
650 0 |a Política gubernamental  |9 262286 
583 |a last modification  |c 20190712 10:55:41  |k Rodrigo Vera 
999 |c 300048  |d 300046 
952 |0 0  |1 0  |4 0  |6 362_840000000000000_CON_2000  |7 0  |8 X  |9 357326  |a FDOMLP  |b FDOMLP  |d 2019-11-21  |i 3742342  |o 362.84 CON 2000  |p 3742342  |r 2019-11-21  |w 2019-11-21  |y BK_X  |k BU2